Climb your stairway to heaven : the 9 habits of maximum happiness

Bibliographic Details
Main Author: Leonhardt, David
Format: Book
Published: Petaling Jaya : Golden Books Centre , 2004
Subjects:

MARC

LEADER 00000cam a2200000 7i4500
001 0000003392
005 20050824.0
020 0 0 |a 9837205237 
090 0 0 |a 158.1   |b LEO 
100 1 0 |a Leonhardt, David 
245 1 0 |a Climb your stairway to heaven :   |b the 9 habits of maximum happiness   |c David Leonhardt 
260 0 0 |a Petaling Jaya :   |b Golden Books Centre ,   |c 2004 
300 |a xi, 225p. :   |b ill. ;   |c 23cm. 
650 0 0 |a Conduct of life 
650 0 0 |a Happiness 
999 |a 0000006280   |b Monograph   |c Open Shelf   |e Default branch